NINTENDO SWITCH GAMES - SUDDEN DEATH - Statistics

General Stats
  • This quiz has been taken 467 times
  • The average score is 5 of 15
Answers on the Grid
Answers color-coded by a green-red scale on the quiz's grid according to % correct below.
Super Mario Odyssey
Super Mario Galaxy
The Legend of Zelda: Breath of the Wild
The Legend of Zelda: Echoes of Wisdom
Super Paper Mario
Kirby: Planet Robobot
Xenoblade Chronicles 3
Pilotwings
Super Smash Bros. Melee
Mario and Luigi: Brothership
Fire Emblem: Awakening
Fire Emblem: Engage
ARMS
Splatoon
Pikmin 3 Deluxe
Tomodachi Life
Pokémon Black & White
Pokkén Tournament DX
Pokémon: Legends Arceus
Nintendo Land
Animal Crossing: New Leaf
Mario Kart World
Hyrule Warriors: Age of Imprisonment
Metroid Dread
Metroid Prime 4
Kirby and the Forgotten Land
Clubhouse Games: 51 Worldwide Classics
Donkey Kong Country
Golden Sun
Bayonetta 3
 
Answer Stats
Answer % Correct
Super Mario Odyssey
56%
The Legend of Zelda: Breath of the Wild
48%
Xenoblade Chronicles 3
42%
Kirby and the Forgotten Land
41%
Pikmin 3 Deluxe
41%
The Legend of Zelda: Echoes of Wisdom
41%
Pokémon: Legends Arceus
40%
Mario and Luigi: Brothership
37%
Metroid Dread
36%
ARMS
35%
Bayonetta 3
29%
Metroid Prime 4
28%
Clubhouse Games: 51 Worldwide Classics
26%
Pokkén Tournament DX
23%
Fire Emblem: Engage
20%
No matching quizzes found
Score Distribution
Percent of People with Each Score
Percentile by Number Answered
Your Score History
You have not taken this quiz